Normal view
MARC view
Entry Topical Term
001 - CONTROL NUMBER
- control field: 263157
003 - CONTROL NUMBER IDENTIFIER
- control field: OSt
005 - DATE AND TIME OF LATEST TRANSACTION
- control field: 20260430142216.0
008 - FIXED-LENGTH DATA ELEMENTS
- fixed length control field: 260430|| aca||aabn | a|a d
040 ## - CATALOGING SOURCE
- Original cataloging agency: OSt
- Transcribing agency: OSt
150 ## - HEADING--TOPICAL TERM
- Topical term or geographic name entry element: Krishna Basin Development Authority Act 1992
670 ## - SOURCE DATA FOUND
- Source citation: Work cat.: (OSt)241383: Narayana P S 263156, Land laws in Karnataka Ed 4 Vol 5, 2020